| 000 | 00649cab a22001935a 4500 | ||
|---|---|---|---|
| 001 | L149707 | ||
| 008 | 100413e20100205xxkd f 000 0 eng d | ||
| 035 | _a(Sirsi) u149707 | ||
| 041 | 0 | _aeng | |
| 100 | 1 | _aMoone, Brian | |
| 245 | 0 | 0 |
_aIs the tide turning? _bafter a year of declining lead times, it seems as if they are levelling out at last |
| 260 | _c2010 | ||
| 490 | 0 |
_aBuilding _v275 (8624) 9 April 2010, 54-55 (2) |
|
| 520 | _aDoes this mean economic recovery is approaching? How calling it right can give you an advantage. | ||
| 590 | _aKA | ||
| 651 | 4 |
_aUnited Kingdom _y |
|
| 690 | _aBUILT ENVIRONMENT-BUILDING ELEMENTS | ||
| 942 | _n0 | ||
| 999 |
_c82259 _d82259 |
||